Paroles - Paris au mois d'août - Charles Aznavour - Statistiques

Statistiques générales
  • Ce quiz a été pris 11 fois
  • Le résultat moyen est 98 sur 138
Statistiques - réponses
% Correct
à
100%
au
100%
d'août
100%
de
100%
De
100%
mois
100%
par
100%
Paris
100%
se
100%
Du
90%
et
90%
Et
90%
mon
90%
amour
80%
je
80%
le
80%
nous
80%
Nous
80%
Pour
80%
Qui
80%
te
80%
tout
80%
tu
80%
un
80%
Une
80%
d'un
70%
été
70%
jour
70%
notre
70%
peu
70%
qu'à
70%
que
70%
septembre
70%
sur
70%
tes
70%
attendre
60%
beau
60%
cœur
60%
dans
60%
dire
60%
J'avais
60%
méprendre
60%
m'y
60%
Ressemble
60%
s'y
60%
t'aime
60%
yeux
60%
Balayé
50%
démembre
50%
larmes
50%
l'autre
50%
lèvres
50%
meurt
50%
moi-même
50%
part
50%
passé
50%
reste
50%
retrouver
50%
rêve
50%
rires
50%
rue
50%
seuls
50%
solitaire
50%
toi
50%
Tristement
50%
vide
50%
aussi
40%
Chaque
40%
chaque
40%
Dieu
40%
était
40%
étions
40%
fait
40%
fasse
40%
forme
40%
fou
40%
L'aveuglante
40%
loin
40%
lumière
40%
n'être
40%
partout
40%
pierre
40%
pire
40%
Prenne
40%
recherche
40%
recommence
40%
redoutant
40%
relance
40%
semblaient
40%
sois
40%
terre
40%
vivait
40%
accrochée
30%
Aucun quiz correspondant
Distribution des résultats
% des personnes avec chaque résultat
Percentile par nombre de réponses
Votre historique - résultats
Vous n’avez pas pris ce quiz